Not Negative Words Quiz Stats

 Plays Quiz Updated Jun 24, 2019

Score 0/20 Timer 06:00
5 Plays Today
% Correct
defeatable
84.9%
guilty
83.1%
neat
82.3%
avoidable
81.8%
rolled
78.4%
established
74.2%
satisfied
71.3%
successful
69.4%
mild
69.3%
returned
68.2%
% Correct
well-mannered
66.5%
obedient
61.1%
graceful
61%
erasable
58.2%
spotted
54.7%
comprehensible
43%
attentive
40.7%
clever
36.4%
describable
35.4%
savory
28.9%

You're not logged in!

Compare scores with friends on all Sporcle quizzes.
OR
Log In

Sporcle TV

Today on Sporcle TV


Watch our educational content, quiz creation guides, and fun videos on Sporcle TV.

Show Comments

Extras

Top Quizzes Today


Score Distribution

Your Account Isn't Verified!

In order to create a playlist on Sporcle, you need to verify the email address you used during registration. Go to your Sporcle Settings to finish the process.

Report this User

Report this user for behavior that violates our Community Guidelines.

Details: